Welcome to CU Library Online Public Access Catalogue (OPAC)

Practice and procedure in the trial courts & tribunals of Ghana / (Record no. 348)

MARC details
000 -LEADER
fixed length control field 00597cam a2200193 a 4500
001 - CONTROL NUMBER
control field 17179355
005 - DATE AND TIME OF LATEST TRANSACTION
control field 20241029164156.0
008 - FIXED-LENGTH DATA ELEMENTS--GENERAL INFORMATION
fixed length control field 120224m20119999gh 000 0 eng
020 ## - INTERNATIONAL STANDARD BOOK NUMBER
International Standard Book Number 9988758650
Qualifying information Hardcover
050 00 - LIBRARY OF CONGRESS CALL NUMBER
Classification number KRX3520
Item number .B76 2011
100 1# - MAIN ENTRY--PERSONAL NAME
Personal name Brobbey, S. A.
245 10 - TITLE STATEMENT
Title Practice and procedure in the trial courts & tribunals of Ghana /
Statement of responsibility, etc. S.A. Brobbey.
250 ## - EDITION STATEMENT
Edition statement 2nd ed.
260 ## - PUBLICATION, DISTRIBUTION, ETC.
Place of publication, distribution, etc. Accra, Ghana :
Name of publisher, distributor, etc. Advanced Legal Publications,
Date of publication, distribution, etc. 2011-
300 ## - PHYSICAL DESCRIPTION
Extent lxxxvii, 733 pages
Dimensions 23 cm.
650 #0 - SUBJECT ADDED ENTRY--TOPICAL TERM
Topical term or geographic name entry element Procedure (Law)
Geographic subdivision Ghana.
650 #0 - SUBJECT ADDED ENTRY--TOPICAL TERM
Topical term or geographic name entry element Courts
Geographic subdivision Ghana.
942 ## - ADDED ENTRY ELEMENTS (KOHA)
Source of classification or shelving scheme Library of Congress Classification
Koha item type Books
Edition 2nd ed.
Suppress in OPAC No
999 ## -
-- 348
-- 348
Holdings
Withdrawn status Lost status Source of classification or shelving scheme Damaged status Not for loan Collection Home library Current library Shelving location Date acquired Total checkouts Full call number Barcode Date last seen Copy number Price effective from Koha item type
    Library of Congress Classification     Non-fiction Law Library (Miotso) Law Library (Miotso) Reference 10/29/2024   KRX3520.B76 BRO llm00000311 10/29/2024 6 10/29/2024 Books
    Library of Congress Classification     Non-fiction Law Library (Miotso) Law Library (Miotso) Reference 10/29/2024   KRX3520.B76 BRO llm00000312 10/29/2024 7 10/29/2024 Books
    Library of Congress Classification     Non-fiction Law Library (Miotso) Law Library (Miotso) Reference 10/29/2024   KRX3520.B76 BRO llm00000313 10/29/2024 8 10/29/2024 Books
    Library of Congress Classification     Non-fiction Law Library (Miotso) Law Library (Miotso) Reference 10/29/2024   KRX3520.B76 BRO llm00000314 10/29/2024 9 10/29/2024 Books
© 2023-2024 Copyright: Central University Libraries. All Rights Reserved | Created by: Mahone Tech Office